000 00539nam a2200193Ia 4500
005 20250508165613.0
008 008 250505s9999 xx 000 0 eng d
037 _aTextual
040 _aFEDL
_beng
_cFEDL
041 _aeng
_2eng
084 _a006.319, MIS
_qFEDL
100 _aMiskoff Henry C.
_9781347
245 0 _aUnderstanding Artificial Intelligence
260 _aDelhi, India
_b B.P.B Publications
_c1986
300 _avi,258
365 _aINR
_b60
942 _cTEXL
_h006.319, MIS
999 _c1396137
_d1396137